Score 0/20 Timer 04:00
0 Plays Today
Hint Answer % Correct
Wish You Were _____Here
97.5%
Goodbye _____ Brick RoadYellow
96.5%
_____ Like an EagleFly
96.2%
I _____ the LineWalk
95.1%
Always on My _____Mind
94.8%
_____ to the BoneBad
91.3%
_____ Out of HellBat
90.5%
Pocket _____ of KryptoniteFull
84.8%
Shake Your _____ MakerMoney
75.9%
Too Legit to _____Quit
75.3%
Hint Answer % Correct
Have a _____ DayNice
74.4%
We're an _____ BandAmerican
70.2%
A Boy _____ GooNamed
67.9%
Enema of the _____State
62.7%
...And _____ for AllJustice
61.1%
Bringing _____ the HorseDown
56%
_____ to the ThiefHail
54.4%
Come _____ with MeAway
52.3%
_____ of the HolyHouses
44.3%
_____ in A MinorSongs
38.5%

Today's Daily Dose

Remove Ads.
Support Sporcle.
Get the best of Sporcle when you Go Orange. This ad-free experience offers more features, more stats, and more fun while also helping to support Sporcle. Thank you for becoming a member.

You're not logged in!

Compare scores with friends on all Sporcle quizzes.
OR
Log In

Show Comments

Extras

Top Quizzes Today


Score Distribution

Your Account Isn't Verified!

In order to create a playlist on Sporcle, you need to verify the email address you used during registration. Go to your Sporcle Settings to finish the process.

Report this User

Report this user for behavior that violates our Community Guidelines.

Details: